Segunda conferencia sindical América Latina-España / (Record no. 2362)

MARC details
000 -LEADER
campo de control de longitud fija 00768nam a2200277Ia 4500
001 - NÚMERO DE CONTROL
campo de control 001293
008 - DATOS DE LONGITUD FIJA--INFORMACIÓN GENERAL
campo de control de longitud fija 221003s1990 xx 000 0 spa d
035 ## - NÚMERO DE CONTROL DEL SISTEMA
Número de control de sistema CENDO_2363
041 ## - CÓDIGO DE IDIOMA
Código de lengua del texto/banda sonora o título independiente spa
084 ## - OTRO NÚMERO DE CLASIFICACIÓN
Número de clasificación RI-00020-00002
110 ## - ENTRADA PRINCIPAL--NOMBRE DE ENTIDAD CORPORATIVA
Nombre de entidad corporativa o nombre de jurisdicción como elemento de entrada REPERCUSIONES DE LA INTEGRACION EUROPEA PARA AMERICA LATINA
Número del congreso/reunión o número de parte o sección
Fecha del congreso o de la firma del tratado 1990
Sede del congreso/Lugar de la reunión Madrid
9 (RLIN) 3422
245 #0 - MENCIÓN DEL TÍTULO
Título Segunda conferencia sindical América Latina-España /
Mención de responsabilidad, etc. organizada por UGT
260 ## - PUBLICACIÓN, DISTRIBUCIÓN, ETC.
Lugar de publicación, distribución, etc. Madrid :
Nombre del editor, distribuidor, etc. UGT,
Fecha de publicación, distribución, etc. 1990
300 ## - DESCRIPCIÓN FÍSICA
Extensión [17] h. ;
Dimensiones 30 cm
650 ## - PUNTO DE ACCESO ADICIONAL DE MATERIA--TÉRMINO DE MATERIA
Término de materia o nombre geográfico como elemento de entrada CONFERENCIA
9 (RLIN) 311
650 ## - PUNTO DE ACCESO ADICIONAL DE MATERIA--TÉRMINO DE MATERIA
Término de materia o nombre geográfico como elemento de entrada AMERICA LATINA
9 (RLIN) 1230
650 ## - PUNTO DE ACCESO ADICIONAL DE MATERIA--TÉRMINO DE MATERIA
Término de materia o nombre geográfico como elemento de entrada CE
9 (RLIN) 8
650 ## - PUNTO DE ACCESO ADICIONAL DE MATERIA--TÉRMINO DE MATERIA
Término de materia o nombre geográfico como elemento de entrada ESPAÑA
9 (RLIN) 9
710 ## - ENTRADA AGREGADA--NOMBRE DE ENTIDAD CORPORATIVA
Nombre de entidad corporativa o nombre de jurisdicción como elemento de entrada UGT
9 (RLIN) 412
901 ## - ELEMENTOS DE DATOS A LOCAL LDA (RLIN)
a 3
903 ## - ELEMENTOS DE DATOS C LOCAL, LDC (RLIN)
a NO
953 ## -
-- 1996-10-08
-- DOCUMENTO
-- RI-00020-00002
910 ## - DATOS DE OPCIÓN DEL USUARIO (OCLC)
Datos de opción del usuario 1990
942 ## - ELEMENTOS DE ENTRADA SECUNDARIOS (KOHA)
Tipo de ítem Koha Documento
Holdings
Estatus retirado Estado de pérdida Estado de daño No para préstamo Biblioteca de origen Biblioteca actual Fecha de adquisición Total de préstamos Signatura topográfica completa Código de barras Visto por última vez Precio de reemplazo Tipo de ítem Koha
        CENDO CENDO 08/10/1996   RI-00020-00002 CENDO_2363 05/10/2022 05/10/2022 Documento